000 00497nam a2200169 i 4500
001 147022
003 ES-MaACL
005 20240524062959.0
007 t|
008 070920q1969 sp ||||1| spa d
100 1 _aTurguenev, Ivan Sergueevich,
_d1818-1883
_9133416
245 1 0 _aHumo /
_cIvan Serguievich Turgueniev.
260 _aMadrid :
_bPérez del Hoyo,
_c[1969]
300 _a185 p. :
_bil. ;
_c18 cm.
852 _aES-MaACL
_jC-40627
_bR.70822
999 _c147022
_d147022